La responsabilidad por abordaje entre buques equipados con radar / (Record no. 79623)

MARC details
000 -LEADER
campo de control de longitud fija 00749nam a2200193 i 4500
001 - NÚMERO DE CONTROL
campo de control 79623
003 - IDENTIFICADOR DE NÚMERO DE CONTROL
campo de control ES-MaACL
005 - FECHA Y HORA DE LA ÚLTIMA TRANSACCIÓN
campo de control 20230906174022.0
007 - CAMPO FIJO DE DESCRIPCIÓN FÍSICA--INFORMACIÓN GENERAL
campo de control de longitud fija t|
008 - DATOS DE LONGITUD FIJA--INFORMACIÓN GENERAL
campo de control de longitud fija 041022s1963 sp ||||1| spa d
100 1# - ENTRADA PRINCIPAL--NOMBRE DE PERSONA
Nombre de persona Hernández Yzal, Santiago.
9 (RLIN) 63079
245 13 - MENCIÓN DEL TÍTULO
Título La responsabilidad por abordaje entre buques equipados con radar /
Mención de responsabilidad, etc. Santiago Hernández Yzal ; prólogo de Antonio Polo Díez.
260 ## - PUBLICACIÓN, DISTRIBUCIÓN, ETC.
Lugar de publicación, distribución, etc. Barcelona :
Nombre del editor, distribuidor, etc. Publicaciones de la Cátedra Consulado del Mar :
-- Facultad de Derecho de la Universidad de Barcelona,
Fecha de publicación, distribución, etc. [1963]
300 ## - DESCRIPCIÓN FÍSICA
Extensión XXVI, 706 p. ;
Dimensiones 24 cm.
650 #4 - PUNTO DE ACCESO ADICIONAL DE MATERIA--TÉRMINO DE MATERIA
Término de materia o nombre geográfico como elemento de entrada Abordaje.
9 (RLIN) 169735
700 1# - ENTRADA AGREGADA--NOMBRE PERSONAL
Nombre de persona Polo Díez, Antonio.
9 (RLIN) 92876
710 2# - ENTRADA AGREGADA--NOMBRE DE ENTIDAD CORPORATIVA
Nombre de entidad corporativa o nombre de jurisdicción como elemento de entrada Universidad de Barcelona.
Unidad subordinada Facultad de Derecho.
9 (RLIN) 7147
852 ## - LOCALIZACIÓN
Ubicación ES-MaACL
Número de control de estantería C-25251
Holdings
Estatus retirado Estado de pérdida Estado de daño No para préstamo Biblioteca de origen Biblioteca actual Ubicación en estantería Fecha de adquisición Fuente de adquisición Total de préstamos Signatura topográfica completa Código de barras Visto por última vez Precio de reemplazo Tipo de ítem Koha
        Biblioteca del Ateneo de Madrid Biblioteca del Ateneo de Madrid Depósito 2 17/01/2008     C-25251 1083259 23/02/2023 23/02/2023 Libro impreso